| 000 | 00654nam a2200217 a 4500 | ||
|---|---|---|---|
| 001 | 12755 | ||
| 003 | CO-ViMGA | ||
| 008 | 141112s2004 ck r 000 u spa d | ||
| 020 | _a9586122530 | ||
| 040 |
_aCO-ViMGA _bspa _cCO-ViMGA |
||
| 082 | 0 | 4 | _a499.98 E771 |
| 100 | 1 |
_aEstrada, Ramiez Hortensia _918454 |
|
| 245 | 1 | 0 |
_aLa lengua sáliba : _bCLases nominales y sistema de concordancia |
| 260 |
_aSantafé de Bogotá : _bTercer mundo, _c1996 |
||
| 300 | _a230p. | ||
| 590 | _aEjemplares : 2 | ||
| 650 | 1 | 4 |
_aETNOLINGUISTICA - COLOMBIA _918455 |
| 650 | 1 | 4 |
_aLENGUAS INDIGENAS - COLOMBIA _914388 |
| 650 | 1 | 4 |
_aSALIBA - GRAMATICA _918456 |
| 942 |
_2ddc _cBK |
||
| 999 |
_c23699 _d23699 |
||